000
00214 a2200097 4500
001
39724
100
_a
Poularkas A.D
245
_a
Signals and systems
260
_a
Boston
_b
PWS Kent
_c
1985
090
_c
24733
_d
24733
942
_a
NUST-CAE
_c
M
_c
16373
999
_c
274797
_d
274797